000 00428nam a2200169Ia 4500
008 131103s9999 xx 000 0 und d
040 _aLoreto College
041 _aEnglish
082 _aREF
_bLCBED/2784
245 _aHarmond headline world atlas
260 _aNew Jersey
_bharmond
_c1967
300 _a34p.
_b ill., maps
_c 27cm.
504 _aIncludes index
650 _aWorld Atlas
850 _aLCBED/REF
942 _cBK
999 _c31041
_d81520